000 00680nam a2200241 i 4500
001 bg
100 1 _aKUBALA, Włodzimierz
245 1 0 _aPrawo działalności gospodarczej :
_bkomentarz /
_cWłodzimierz Kubala.
250 _aStan prawny 31.3.2000 r.
260 _aWarszawa :
_bC. H. Beck,
_c2000.
300 _aXVI, 405 s. ;
_c20 cm.
490 1 _aKrótkie Komentarze Becka
504 _aIndeks.
650 9 _aPrawo gospodarcze
_zPolska
_ystan na 2000 r.
830 _aKrótkie Komentarze Becka
020 _a8371106866
040 _cBPK
041 0 _apl
080 _a346(438)
920 _a83-7110-686-6
942 _cKS
008 s pl f |000 0 pol
999 _c38905
_d38905
856 _uhttp://koha.tu.koszalin.pl/cgi-bin/koha/opac-detail.pl?biblionumber=38905
_yKatalog online BPK